A jelentőségtulajdonítás művészete
Elmentve itt :
| Szerző: | |
|---|---|
| Adatforrás: | Meister |
| Forrásdokumentuma: | Helikon. - 14 sz., 1992, p. |
| Nyelv: | magyar |
| Kulcsszavak: | irodalomtörténet SZABÓ CS. László CS. SZABÓ László |
| LEADER | 00405nab a2200145 i 4500 | ||
|---|---|---|---|
| 001 | bibPRO00009471 | ||
| 008 | 060524s1992 xx hun | ||
| 040 | |a Sz1 | ||
| 041 | |a hun | ||
| 100 | 1 | |a JAKABFFY Tamás | |
| 245 | 1 | 2 | |a A jelentőségtulajdonítás művészete |c JAKABFFY Tamás |
| 695 | |a irodalomtörténet | ||
| 695 | |a SZABÓ CS. László | ||
| 695 | |a CS. SZABÓ László | ||
| 773 | 0 | |t Helikon. - |g 14 sz., 1992, p. | |